Pays qui ont accueillit une étape de la Coupe du monde de Biathlon - Statistiques

Statistiques générales
  • Ce quiz a été pris 721 fois
    402 depuis la dernière actualisation
  • Le résultat moyen est 14 sur 17
Statistiques - réponses
Dernière année Pays % Correct
2024 Norvège
100%
2023 France
99%
2024 Suède
99%
2024 Allemagne
97%
2023 Finlande
96%
2024 Italie
96%
2024 Autriche
92%
2024 Etats Unis
92%
2024 Suisse
92%
2024 Canada
91%
2018 Russie
90%
2023 République Tchèque
85%
2023 Slovénie
80%
2006 Slovaquie
71%
2022 Estonie
67%
1997 Japon
53%
2017 Corée du sud
49%
Aucun quiz correspondant
Distribution des résultats
% des personnes avec chaque résultat
Percentile par nombre de réponses
Votre historique - résultats
Vous n’avez pas pris ce quiz depuis la dernière actualisation